00944cam a2200277Ia 45000010006000000050017000060080041000230350023000640400018000870200015001050200018001200350020001380410013001581000029001712400078002002450098002782600041003763000021004174900026004385000087004645040030005516500015005816500022005966500029006187000019006474521220230411085957.0850520s1974 sp b 000 0 spa d a(OCoLC)ocm12055146 aIQUcIQUdOCL a8434407485 a9788434407480 a(OCoLC)120551461 aspahfre1 aMendel, Gérard,d1930-10aPour décoloniser l'enfant : sociopsychanalyse de l'autorité,lSpanish13aLa descolonización del niño /cGérard Mendel ; traducción castellana de Julia Sicart. aBarcelona :bEditorial Ariel,c1974. a276 p. ;c18 cm.0 aAriel quincenal ;v76 aTranslation of: Pour dâecoloniser l'enfant : sociopsychanalyse de l'autoritâe. aBibliography: p. 269-273. 0aAuthority. 0aChild psychology. 0aConflict of generations.1 aSicart, Julia.